Martes de carnaval : (Record no. 192105)

MARC details
000 -LEADER
campo de control de longitud fija 01242cam a2200337 i 4500
001 - NÚMERO DE CONTROL
campo de control 192105
003 - IDENTIFICADOR DE NÚMERO DE CONTROL
campo de control SpMaBN
005 - FECHA Y HORA DE LA ÚLTIMA TRANSACCIÓN
campo de control 20250824054926.0
008 - DATOS DE LONGITUD FIJA--INFORMACIÓN GENERAL
campo de control de longitud fija 221104s2011 sp | |||| 000 d spa
017 ## - NÚMERO DE COPYRIGHT O DE DEPÓSITO LEGAL
Número de copyright o de depósito legal B 44321-2011
Agencia que asigna Oficina Depósito Legal Barcelona
020 ## - NÚMERO INTERNACIONAL ESTÁNDAR DEL LIBRO
Número Internacional Estándar del Libro 9788467036039
040 ## - FUENTE DE CATALOGACIÓN
Centro/agencia transcriptor SpMaBN
080 ## - NÚMERO DE LA CLASIFICACIÓN DECIMAL UNIVERSAL
Número de la Clasificación Decimal Universal 821.134.2-23"19"
100 1# - ENTRADA PRINCIPAL--NOMBRE DE PERSONA
Nombre de persona Valle-Inclán, Ramón del,
Fechas asociadas al nombre 1866-1936
Término indicativo de función/relación Autor
9 (RLIN) 112796
245 10 - MENCIÓN DEL TÍTULO
Título Martes de carnaval :
Resto del título esperpentos /
Mención de responsabilidad, etc. Ramón del Valle-Inclán ; edición de Jesús Rubio Jiménez.
250 ## - MENCION DE EDICION
Mención de edición 36ª ed., 1ª en esta presentación
260 ## - PUBLICACIÓN, DISTRIBUCIÓN, ETC.
Lugar de publicación, distribución, etc. Madrid :
Nombre del editor, distribuidor, etc. Austral,
Fecha de publicación, distribución, etc. 2011
300 ## - DESCRIPCIÓN FÍSICA
Extensión 250 páginas ;
Dimensiones 19 cm.
490 1# - MENCIÓN DE SERIE
Mención de serie Clásica. Teatro
504 ## - NOTA DE BIBLIOGRAFÍA, ETC.
Nota de bibliografía, etc. Bibliografía: páginas [67]-73
505 ## - NOTA DE CONTENIDO CON FORMATO
Nota de contenido con formato Contiene: Las galas del difunto ; Los cuernos de don Friolera ; La hija del capitán
700 0# - ENTRADA AGREGADA--NOMBRE PERSONAL
Nombre de persona Rubio Jiménez, Jesús,
Fechas asociadas al nombre 1953-
9 (RLIN) 100422
Término indicativo de función/relación Editor literario
740 42 - ENTRADA AGREGADA--TÍTULO RELACIONADO/ANALÍTICO NO CONTROLADO
Título relacionado o analítico no controlado Las galas del difunto
740 42 - ENTRADA AGREGADA--TÍTULO RELACIONADO/ANALÍTICO NO CONTROLADO
Título relacionado o analítico no controlado Los cuernos de Don Friolera
740 32 - ENTRADA AGREGADA--TÍTULO RELACIONADO/ANALÍTICO NO CONTROLADO
Título relacionado o analítico no controlado La hija del capitán
830 10 - PUNTO DE ACCESO ADICIONAL DE SERIE-TÍTULO UNIFORME
Título uniforme Clásica.
Nombre de parte o sección de la obra Teatro (Austral)
9 (RLIN) 226092
852 4# - LOCALIZACIÓN
Ubicación ES-MaACL
Número de control de estantería N-8071
itemnumber 199387
Sublocalización o colección R. 152908
Ubicación en estantería Depósito J
Donativo/Legado Donación: Editorial
942 ## - ELEMENTOS DE ENTRADA SECUNDARIOS (KOHA)
Tipo de ítem Koha Libro impreso
Suprimir en OPAC No
Holdings
Estatus retirado Estado de pérdida Fuente del sistema de clasificación o colocación Estado de daño No para préstamo Biblioteca de origen Biblioteca actual Ubicación en estantería Fecha de adquisición Fuente de adquisición Número de control de estantería Total de préstamos Signatura topográfica completa Código de barras Visto por última vez Tipo de ítem Koha
    Clasificación decimal universal     Biblioteca del Ateneo de Madrid Biblioteca del Ateneo de Madrid Depósito J 04/11/2022 Donación Ateneísta   N-8071 101206514 23/02/2023 Libro impreso